| 000 | 00840 a2200217 4500 | ||
|---|---|---|---|
| 003 | Nust | ||
| 005 | 20221202124729.0 | ||
| 010 | _a 87037848 | ||
| 020 | _a0898382645 : | ||
| 040 | _cNust | ||
| 082 | 0 | 0 | _a621.381528,DIV |
| 100 | 1 |
_aDivekar, Dileep. _9104015 |
|
| 245 | 1 | 0 |
_aFET modeling for circuit simulation / _cDileep Divekar. |
| 260 |
_aBoston : _bKluwer Academic Publishers, _cc1988. |
||
| 300 |
_a183 p. : _bill. ; _c25 cm. |
||
| 440 | 4 |
_aThe Kluwer international series in engineering and computer science ; _vSECS 48 _983489 |
|
| 505 | _aCircuit Simulation (Page-1), Device Modeling (Page-11), Diode Models (Page-27), Jfet Models (Page-47), Mosfet Models (Page-57), Mesfet Models (Page-145). | ||
| 650 | 0 |
_aField-effect transistors _xMathematical models. _9104016 |
|
| 650 | 0 | _aTelecommunication Engineering | |
| 942 |
_2ddc _cBK |
||
| 999 |
_c182385 _d182385 |
||